| 000 | 00462nam a2200157Ia 4500 | ||
|---|---|---|---|
| 008 | 230917s9999||||xx |||||||||||||| ||und|| | ||
| 020 | _cRS245 | ||
| 040 |
_e26717 _aMAIN |
||
| 041 | _aEnglish | ||
| 082 | _a388.40954 R18P | ||
| 100 | _aRao, D Panduranga, ed. | ||
| 245 | 0 | _aProblems of urban transport in India (Proceedings of Interantional seminar held on April 20-22, 1985) | |
| 260 |
_aNew Delhi _bInter-India _c1986 |
||
| 300 | _axix, 376 p. | ||
| 942 | _cBK | ||
| 999 |
_c55898 _d55898 |
||